| 000 | 02574nam a2200361 i 4500 | ||
|---|---|---|---|
| 001 | 194110 | ||
| 003 | SpMaBN | ||
| 005 | 20250911062700.0 | ||
| 008 | 240419s2023 sp | |||| 000 spa | ||
| 017 |
_aB 15152-2023 _bOficina Depósito Legal Barcelona |
||
| 020 | _a9788423363957 | ||
| 040 |
_aSpMaBN _bspa _cSpMaBN _erda |
||
| 100 |
_aDurá, Marga, _d1971- _946194 |
||
| 245 |
_aUna pregunta para Elena / _cMarga Durá. |
||
| 250 | _aPrimera edición: octubre de 2023 | ||
| 264 |
_aBarcelona : _bEditorial Planeta, _c[2023] |
||
| 264 | 4 | _c@2023 | |
| 300 |
_a606 páginas ; _c24 cm |
||
| 336 |
_aTexto _2rdacontent |
||
| 337 |
_asin mediación _2rdamedia |
||
| 338 |
_avolumen _2rdacarrier |
||
| 490 | 1 |
_aColección Ancora y Delfin ; _v1618 |
|
| 520 | _aMayo de 1952. Berta, una huérfana de veintiún años procedente de un pueblo aragonés, viaja a Barcelona junto con su madre adoptiva, Eleonora, y su hermana Ramona para asistir al XXV Congreso Eucarístico, la gran celebración de la fe católica que pretende insuflar esperanza a una España rota por la miseria de la posguerra. Pero el principal interés de la joven es otro, pues es una ferviente seguidora del consultorio radiofónico conducido por la doctora Elena Francis, un espacio que hechiza a las mujeres de todo el país donde las oyentes y sus historias son las protagonistas. Berta quiere conocer a la célebre doctora y pedirle un consejo que puede dar un giro a su vida, y se alojarán en casa de la prima de Eleonora, Úrsula, guionista del programa y cuya hija, Gabriela, es locutora. En el momento en que pisa el estudio de radio, la vida de Berta da un vuelco, y se atreverá a soñar con formar parte de este mundo, que la acerca a la tan ansiada libertad. A lo largo de su estancia en la ciudad tendrá la oportunidad de conocer a una serie de mujeres que la cambiarán para siempre, y el azar las hará cómplices de un suceso del que serán a la vez víctimas y responsables, y que las mantendrá unidas pase lo que pase. | ||
| 650 | 4 |
_915636 _aNovela española- _yS.XX |
|
| 655 | 0 |
_aNovelas _9234319 |
|
| 830 | 0 |
_aÁncora y Delfín _v1618 _9151298 |
|
| 852 |
_aES-MaACL _bR.155086 _cDEPOJ _jN-9861 _xEncuadernación cartoné con sobrecubiertas _hDonación: José Lázaro García _9201782 _gFirmado por José Lázaro García |
||
| 903 |
_9234219 _aLázaro García, José _ednr |
||
| 942 |
_cMONOGRAFIA _n0 |
||
| 999 |
_c194110 _d194110 |
||